LEADER 01099nam a2200265 i 4500 001 000000037950 003 CaOOAMICUS 005 20230301093138.0 008 080725s1978 it u000 u ita u 040 $aSeMil$bita 100 1 $aFinley, Moses Israel,$d<1912-1986>.$0(OLS)http://semarc/name/5208 240 14$aThe world of Odysseus.$0(OLS)http://semarc/title/53359 245 13$aIl mondo di Odisseo /$cMoses I. Finley. 264 1$aRoma ; Bari :$bLaterza,$c1978. 300 $aXI, 224 p. :$bill. ;$c19 cm. 490 1 $aUniversale Laterza ;$v487 650 4$aOmero - Opere - Studi.$0(OLS)http://semarc/subject/53473 650 4$aGrecia antica.$0(OLS)http://semarc/subject/270 830 0$aUniversale Laterza ;$v487.$0(OLS)http://semarc/title/6923 850 $aSeMil 852 $aSeMil$W1$xVenegono$y1$m1X II 219$j237868$B4105$CSeMilBibl$Z2$F4105 $81 961 $aOmaggio: Deposito 996 $6245$aIl mondo di Odisseo$9(OLS)http://semarc/title/53358 996 $6264$aRoma ; Bari :$bLaterza$9(OLS)http://semarc/publisher/30305 LEADER 01210nam a2200265 i 4500 001 000000038710 003 CaOOAMICUS 005 20130320000000.0 008 130320s1973 it u000 u ita u 013 $a9318 040 $aSeMil$bita 100 1 $aHasenhüttl, Gotthold <1933- >.$0(OLS)http://semarc/name/18631 240 10$aCharisma, Ordnungsprinzip der Kirche.$0(OLS)http://semarc/title/54768 245 10$aCarisma :$bprincipio fondamentale per l'ordinamento della Chiesa /$cGotthold Hasenhüttl. 260 $aBologna :$bEDB,$c1973. 300 $a408 p. ;$c22 cm. 490 0 $aNuovi saggi teologici : collana interconfessionale per la promozione della ricerca teologica ;$v1 650 4$aEcclesiologia.$0(OLS)http://semarc/subject/42996 650 4$aCarismi.$0(OLS)http://semarc/subject/5606 830 0$aNuovi saggi teologici ;$v1.$0(OLS)http://semarc/title/422386 850 $aSeMil 852 $aSeMil$W1$xVenegono$y1$m2LA N 1$j262396$B4865$CSeMilBibl$Z2$F4865 $81 961 $aOmaggio: Deposito 996 $6245$aCarisma :$bprincipio fondamentale per l'ordinamento della Chiesa$9(OLS)http://semarc/title/54767 996 $6260$aBologna :$bEDB$9(OLS)http://semarc/publisher/29669 LEADER 00885nam a2200229 i 4500 001 000000088724 003 CaOOAMICUS 005 20180830150035.0 008 180830s1982 xx u000 u und u 013 $a60965 020 $a88-7026-421-1 040 $aSeMil$bita 100 1 $aEsser, Kajetan .$0(OLS)http://semarc/name/90338 245 14$aGli scritti di s. Francesco d'Assisi. 260 $aPadova :$bMessaggero,$c1982. 300 $a645 p. 650 4$aFrancesco : d'Assisi - Opere.$0(OLS)http://semarc/subject/15059 850 $aSeMil 852 $aSeMil$W1$xVenegono$y1$m156 19 *$j51946$B51946$CSeMilBibl$Z2$F56324 $81 996 $6020$a88-7026-421-1$9(OLS)http://semarc/number/68605 996 $6245$aGli scritti di s. Francesco d'Assisi$9(OLS)http://semarc/title/134573 996 $6260$aPadova :$bMessaggero$9(OLS)http://semarc/publisher/29786 LEADER 01297nam a2200277 i 4500 001 000000115985 003 CaOOAMICUS 005 20030620000000.0 008 030620s1999 fr u000 u fre u 013 $a88674 020 $a2-13-049992-9 040 $aSeMil$bita 100 1 $a* Intestazione al titolo.$0(OLS)http://semarc/name/176 245 10$aDictionnaire d'histoire et philosophie des sciences /$cpublié sous la direction de Dominique Lecourt ; secrétaire de rédaction Thomas Bourgeois. 260 $aParis :$bPresses Universitaires de France,$c1999. 300 $a1032 p. ;$c25 cm. 650 4$aFilosofia della scienza.$0(OLS)http://semarc/subject/4333 650 4$aScienza - Storia.$0(OLS)http://semarc/subject/1196 700 1 $aBourgeois, Thomas.$0(OLS)http://semarc/name/48446 700 1 $aLecourt, Dominique.$0(OLS)http://semarc/name/34870 850 $aSeMil 852 $aSeMil$W1$xVenegono$y1$mSL1.M VI 16$j71470$B71470$CSeMilBibl$Z2$F75839 $8I 961 $aAcquisto: Librairie St. Paul-Siloë 996 $6020$a2-13-049992-9$9(OLS)http://semarc/number/99940 996 $6245$aDictionnaire d'histoire et philosophie des sciences$9(OLS)http://semarc/title/169982 996 $6260$aParis :$bPresses Universitaires de France$9(OLS)http://semarc/publisher/30047 LEADER 00559nam a2200169 i 4500 001 000000240367 003 CaOOAMICUS 005 20150327000000.0 008 150327s1879 it u000 u fre u 013 $a219272 040 $aSeMil$bita 245 10$aHomélies. 5. 300 $a576 p. 773 0 $tEncyclopédie de la prédication contemporaine.$dMarseille : J. Mingardon, 1885.$g[24$w()31651 850 $aSeMil 852 $aSeMil$W1$xVenegono$y1$m3D V 153 FA$j190713$B190713$CSeMilBibl$Z2$F201552 $8I 996 $6245$aHomélies. 5$9(OLS)http://semarc/title/341920